China's Global Political Economy : Managerial Perspectives.

Bibliographic Details
Main Author: Taylor, Robert.
Other Authors: Jaussaud, Jacques.
Format: eBook
Language:English
Published: Milton : Taylor & Francis Group, 2018.
Edition:1st ed.
Series:Routledge Studies on Comparative Asian Politics Series
Subjects:
Online Access:Click to View
LEADER 01615nam a22003973i 4500
001 EBC7244740
003 MiAaPQ
005 20231204023228.0
006 m o d |
007 cr cnu||||||||
008 231204s2018 xx o ||||0 eng d
020 |a 9781000031812  |q (electronic bk.) 
020 |z 9781138103733 
035 |a (MiAaPQ)EBC7244740 
035 |a (Au-PeEL)EBL7244740 
035 |a (OCoLC)1378935932 
040 |a MiAaPQ  |b eng  |e rda  |e pn  |c MiAaPQ  |d MiAaPQ 
082 0 |a 338.951 
100 1 |a Taylor, Robert. 
245 1 0 |a China's Global Political Economy :  |b Managerial Perspectives. 
250 |a 1st ed. 
264 1 |a Milton :  |b Taylor & Francis Group,  |c 2018. 
264 4 |c Ã2018. 
300 |a 1 online resource (316 pages) 
336 |a text  |b txt  |2 rdacontent 
337 |a computer  |b c  |2 rdamedia 
338 |a online resource  |b cr  |2 rdacarrier 
490 1 |a Routledge Studies on Comparative Asian Politics Series 
588 |a Description based on publisher supplied metadata and other sources. 
590 |a Electronic reproduction. Ann Arbor, Michigan : ProQuest Ebook Central, 2023. Available via World Wide Web. Access may be limited to ProQuest Ebook Central affiliated libraries.  
655 4 |a Electronic books. 
700 1 |a Jaussaud, Jacques. 
776 0 8 |i Print version:  |a Taylor, Robert  |t China's Global Political Economy  |d Milton : Taylor & Francis Group,c2018  |z 9781138103733 
797 2 |a ProQuest (Firm) 
830 0 |a Routledge Studies on Comparative Asian Politics Series 
856 4 0 |u https://ebookcentral.proquest.com/lib/matrademy/detail.action?docID=7244740  |z Click to View